Košieľka na spisy

Podrobná bibliografia
Hlavný autor: Moravčík, Štefan, 1943- (Autor)
Médium: Článok
Jazyk:slovenčina
Predmet:

MARC

LEADER 00000nab a2200000 a 4500
001 vtls000200023
003 SK-MaSNL
005 20260302201338.0
008 111130c1984 xo 0 slo
015 |a SNBRB19rr/mm-uuuuu 
035 |a CL0210136 
040 |a SNKBUCL  |b slo  |c SNKBUCL  |e AACR2 
041 0 |a slo 
044 |a xo  |c SK 
080 |a 885.4-1  |2 1981 
100 1 |a Moravčík, Štefan,  |d 1943-  |4 aut  |9 98697 
245 1 0 |a Košieľka na spisy  |c Štefan Moravčík 
650 0 7 |a básne satirické  |2 snkbucl  |9 898428 
655 7 |a články z novín a časopisov  |2 snkbucl  |9 267496 
655 7 |a články z odboru literárna veda a krásna literatúra  |2 snkbucl  |9 770045 
773 0 |t Roháč  |g Roč. 37, č. 46 (1984), s. 6 
850 |a Slovenská národná knižnica v Martine  |a MTA001 
852 |a SNK  |b KIS3GCP 
958 |a RK 
958 |a LX 
992 |a RBX 
999 |c 1460521  |d 1462451